Designaciones de productos para rodamientos y accesorios.

Guardado en:
Formato: Libro
Idioma:Spanish
Publicado: [s.l.] : SKF, 1987.
Materias:
Etiquetas: Agregar Etiqueta
Sin Etiquetas, Sea el primero en etiquetar este registro!
LEADER 00667nam a22001935a 4500
001 EIQ.libpla002726
008 070727s1987####xx#a#####c####000#0#spa#d
005 20070727111832.0
245 0 0 |a Designaciones de productos para rodamientos y accesorios. 
260 |a [s.l.] :  |b SKF,  |c 1987. 
300 |a 38 p. :  |b il., tablas ;  |c 30 cm. 
500 |a Datos tomados de la cubierta. 
500 |a "Información de producto 100". 
650 4 |a Rodamientos  |x Catálogos. 
650 4 |a Ingeniería mecánica  |x Catálogos. 
650 4 |a Bearing  |x Catalogs. 
650 4 |a Mechanical Engineering  |x Catalogs. 
040 |a AR-BbSID  |b spa  |c AR-BbSID 
859 |a AR-BbSID  |b BIB. PLAPIQUI  |h 621.822  |i S 1  |p 3646